000
00257nam a2200109Ia 4500
005
20251222114415.0
008
251222s1900||||xx |||||||||||||| ||spa||
082
_a
DVD0092/D95/1997
245
0
_a
Un Dios violento
264
_b
Drimmer, Jhon Bliss
942
_c
DVD
999
_c
2202
_d
2202